南京市溧水区行政区划,但1996年以来 - Statistics

General Stats
  • This quiz has been taken 6 times
  • The average score is 11 of 26
Answers on the Map
Answers color-coded by a green-red scale on the quiz's map according to % correct below.
 
Answer Stats
提示 答案 % Correct
--1999 石湫乡
80%
--2018 洪蓝镇
80%
1999--2018 石湫镇
80%
2018-- 洪蓝街道
80%
2018-- 石湫街道
80%
--2000 和凤乡
60%
--2018 东屏镇
60%
-- 白马镇
60%
2000--2015 永阳镇
60%
2000-- 和凤镇
60%
2015-- 永阳街道
60%
2018-- 东屏街道
60%
--1999 明觉镇
40%
--2000 晶桥乡
40%
--2000 群力乡
40%
--2015 柘塘镇
40%
2000-- 晶桥镇
40%
2015-- 柘塘街道
40%
--2000 孔镇乡
20%
--2000 云鹤乡
20%
--1999 乌山乡
0%
--2000 东庐乡
0%
--2000 共和乡
0%
--2000 渔歌乡
0%
--2000 在城镇
0%
1999 乌山镇
0%
No matching quizzes found
Score Distribution
Percent of People with Each Score
Percentile by Number Answered
Your Score History
You have not taken this quiz